MARC details
| 000 -CABECERA |
| campo de control de longitud fija |
01055nam a2200265 a 4500 |
| 001 - NÚMERO DE CONTROL |
| campo de control |
000023031 |
| 005 - FECHA Y HORA DE LA ÚLTIMA TRANSACCIÓN |
| campo de control |
20200930021937.0 |
| 008 - DATOS DE LONGITUD FIJA--INFORMACIÓN GENERAL |
| campo de control de longitud fija |
101124s1969 mx c r 000 f spa d |
| 040 ## - FUENTE DE LA CATALOGACIÓN |
| Centro catalogador/agencia de origen |
DO-SdBNP |
| Lengua de catalogación |
spa |
| Centro/agencia transcriptor |
BNPHU |
| 041 17 - CÓDIGO DE LENGUA |
| Código de lengua del texto/banda sonora o título independiente |
spa |
| Código de lengua original |
ger |
| Fuente del código |
Código de idiomas MARC |
| 082 ## - NÚMERO DE LA CLASIFICACIÓN DECIMAL DEWEY |
| Número de clasificación |
940.544 |
| Número de documento/Ítem |
K72y, 1969 |
| 049 ## - FONDOS LOCALES (OCLC) |
| Fondos de biblioteca |
BNGR |
| 100 1# - ENTRADA PRINCIPAL--NOMBRE DE PERSONA |
| Nombre de persona |
Knoke, Heinz, |
| 9 (RLIN) |
47381 |
| 240 10 - TÍTULO UNIFORME |
| Título uniforme |
Ich fluchte für den führer. |
| Lenguaje de la obra |
Español. |
| 245 10 - MENCIÓN DE TÍTULO |
| Título |
Yo volé para el Führer : |
| Resto del título |
la historia de un aviador alemán / |
| Mención de responsabilidad, etc. |
Heinz Knoke , traducción de José Ramos Cervantes ; supervisión de Eduardo Escalona ; introducción de John Pudney. |
| 250 ## - MENCIÓN DE EDICIÓN |
| Mención de edición |
10a ed. |
| 260 ## - PUBLICACIÓN, DISTRIBUCIÓN, ETC. |
| Lugar de publicación, distribución, etc. |
México : |
| Nombre del editor, distribuidor, etc. |
Diana, |
| Fecha de publicación, distribución, etc. |
1969. |
| 300 ## - DESCRIPCIÓN FÍSICA |
| Extensión |
249 p. : |
| Otras características físicas |
retrs. ; |
| Dimensiones |
20 cmm. |
| 534 ## - NOTA SOBRE LA VERSIÓN ORIGINAL |
| Frase introductoria |
Título original en alemán: |
| Mención de título del original |
Ich fluchte für den führer. |
| 600 10 - PUNTO DE ACCESO ADICIONAL DE MATERIA--NOMBRE DE PERSONA |
| Nombre de persona |
KNOKE, HEINZ, |
| Fechas asociadas al nombre |
1923-1993 |
| Subdivisión general |
AUTOBIOGRAFÍA |
| 9 (RLIN) |
47382 |
| 650 #4 - PUNTO DE ACCESO ADICIONAL DE MATERIA--TÉRMINO DE MATERIA |
| Término de materia o nombre geográfico como elemento de entrada |
Guerra mundial ii, 1939-1945 |
| Subdivisión general |
Operaciones aéreas |
| 9 (RLIN) |
47383 |
| 700 1# - PUNTO DE ACCESO ADICIONAL--NOMBRE DE PERSONA |
| Nombre de persona |
Ramos Cervantes, José, |
| Término indicativo de función/relación |
tr. |
| 9 (RLIN) |
47384 |
| 700 1# - PUNTO DE ACCESO ADICIONAL--NOMBRE DE PERSONA |
| Nombre de persona |
Pudney, John, |
| Término indicativo de función/relación |
intr. |
| 9 (RLIN) |
47385 |
| 700 1# - PUNTO DE ACCESO ADICIONAL--NOMBRE DE PERSONA |
| Nombre de persona |
Escalona, Eduardo, |
| 9 (RLIN) |
7529 |